Sunlight and storm : (Record no. 186767)

000 -LEADER
fixed length control field 00945 a2200217 4500
003 - CONTROL NUMBER IDENTIFIER
control field Nust
005 - DATE AND TIME OF LATEST TRANSACTION
control field 20230504134858.0
010 ## - LIBRARY OF CONGRESS CONTROL NUMBER
LC control number 75015116
020 ## - INTERNATIONAL STANDARD BOOK NUMBER
International Standard Book Number 0399115633 :
040 ## - CATALOGING SOURCE
Transcribing agency Nust
082 00 - DEWEY DECIMAL CLASSIFICATION NUMBER
Classification number 978,ADA
100 1# - MAIN ENTRY--PERSONAL NAME
Personal name Adams, Alexander B.
9 (RLIN) 112128
245 10 - TITLE STATEMENT
Title Sunlight and storm :
Remainder of title The great American plains /
Statement of responsibility, etc. Alexander B. Adams.
260 ## - PUBLICATION, DISTRIBUTION, ETC.
Place of publication, distribution, etc. New York :
Name of publisher, distributor, etc. Putnam,
Date of publication, distribution, etc. c1977.
300 ## - PHYSICAL DESCRIPTION
Extent 479 p., [12] leaves of plates :
Other physical details ill. ;
Dimensions 28 cm.
505 ## - FORMATTED CONTENTS NOTE
Formatted contents note PART-1: 1528-1803 From the Discovery of the Great Plains by Europeans Through the Louisiana Purchase (Page-35), PART-2: 1804-1848 From the Lewis and Clark Expedition Through the Mexican War (Page-97), PART-3: 1848-1892 From the Gold Rush to the End of the Frontier (Page-267).
650 #0 - SUBJECT ADDED ENTRY--TOPICAL TERM
Topical term or geographic name entry element Indians of North America
Geographic subdivision Great Plains.
9 (RLIN) 112129
651 #0 - SUBJECT ADDED ENTRY--GEOGRAPHIC NAME
Geographic name Great Plains
General subdivision History.
9 (RLIN) 112130
651 #0 - SUBJECT ADDED ENTRY--GEOGRAPHIC NAME
Geographic name United States
General subdivision Territorial expansion.
9 (RLIN) 112131
942 ## - ADDED ENTRY ELEMENTS (KOHA)
Source of classification or shelving scheme
Koha item type Book
Call number prefix 978,ADA
Holdings
Withdrawn status Lost status Source of classification or shelving scheme Damaged status Not for loan Permanent Location Current Location Shelving location Date acquired Full call number Barcode Date last seen Price effective from Koha item type Public note
          Military College of Signals (MCS) Military College of Signals (MCS) General Stacks 12/12/2016 978,ADA MCS21309 12/08/2016 12/12/2016 Book Almirah No. 75, Shelf No. 8
© 2023 Central Library, National University of Sciences and Technology. All Rights Reserved.